[Event "US Open"]
[Site "Vancouver, WA"]
[Date "2012.08.10"]
[Round "7"]
[White "Langer, Michael (TX)"]
[Black "Wang, Michael  (WA)"]
[Result "0-1"]
[WhiteElo "2264"]
[BlackElo "2148"]
[PlyCount "102"]

1.e4 c5 2.Nf3 d6 3.d4 cxd4 4.Nxd4 Nf6 5.Nc3 a6 6.Bg5 e6 7.f4
Be7 8.Qf3 Qc7 9.O-O-O Nbd7 10.g4 b5 11.Bxf6 Nxf6 12.g5 Nd7 13.f5
Bxg5+ 14.Kb1 Ne5 15.Qh5 Qe7 16.Nxe6 Bxe6 17.fxe6 g6 18.exf7+
Kxf7 19.Qe2 Kg7 20.Nd5 Qd8 21.Bh3 Rf8 22.Rhf1 Ra7 23.Rxf8 Qxf8
24.Qg2 Bh6 25.Qg1 Rf7 26.Qb6 Rf3 27.Nc7 Be3 28.Ne6+ Kh6 29.Qxe3+
Rxe3 30.Nxf8 Rxh3 31.b3 Nf7 32.Rd2 Re3 33.Rd4 Re2 34.h3 Re3 35.a4
Rxh3 36.Ne6 Rh5 37.Nc7 bxa4 38.Rxa4 a5 39.Nd5 Re5 40.Rxa5 Rxe4
41.Ra7 Kg7 42.Kb2 h5 43.Kc3 h4 44.Kd3 Re8 45.b4 g5 46.b5 h3 47.b6
h2 48.Ra1 g4 49.Ne3 Ne5+ 50.Kc3 Kg6 51.b7 Ra8 0-1

[Event "US Open"]
[Site "Vancouver, WA"]
[Date "2012.08.10"]
[Round "7"]
[White "Norowitz, Yaacov (NJ)"]
[Black "Breckenridge, Steven (OR)"]
[Result "1-0"]
[WhiteElo "2569"]
[BlackElo "2349"]
[PlyCount "87"]

1.d4 Nf6 2.Nf3 e6 3.Bg5 c5 4.c3 cxd4 5.Nxd4 Be7 6.Nd2 O-O 7.e4
d6 8.Bd3 Nbd7 9.O-O Ne5 10.Bc2 Qb6 11.Bb3 Qc7 12.Qe2 Ng6 13.f4
e5 14.f5 exd4 15.fxg6 Qc5 16.gxf7+ Kh8 17.Nf3 dxc3+ 18.Be3 Qh5
19.Bd4 Ng4 20.Rae1 cxb2 21.Qxb2 Bf6 22.Qd2 Qg6 23.Bxf6 Qxf6 24.h3
Nh6 25.Rd1 Bd7 26.e5 dxe5 27.Qxd7 Nf5 28.Nd4 exd4 29.Qxf5 Qb6
30.Qe6 Qc5 31.Qc4 Qg5 32.Qxd4 a5 33.Qd5 Qg6 34.Qd6 Qg5 35.Be6
a4 36.Qd5 Qe7 37.Qd7 Qb4 38.Rb1 Qe4 39.Qd5 Qe2 40.Qc4 Qe5 41.Rxb7
Rad8 42.Rc7 h6 43.Rc8 Rxc8 44.Bxc8 1-0

[Event "US Open"]
[Site "Vancouver, WA"]
[Date "2012.08.10"]
[Round "7"]
[White "Pendergast, Michael (OR)"]
[Black "Mulyar, Michael (CO)"]
[Result "0-1"]
[WhiteElo "2152"]
[BlackElo "2456"]
[PlyCount "58"]

1.d4 d5 2.Nf3 Nf6 3.e3 g6 4.c4 Bg7 5.Nc3 O-O 6.b4 c6 7.Bb2 Bg4
8.Qb3 Bxf3 9.gxf3 e6 10.Be2 Nbd7 11.f4 dxc4 12.Bxc4 b5 13.Bxe6
fxe6 14.Qxe6+ Kh8 15.Qxc6 a6 16.a4 Nb6 17.axb5 Rc8 18.Qf3 Nc4
19.Qe2 Qe7 20.Na4 Qxb4+ 21.Bc3 Qxb5 22.O-O Nd5 23.Rfb1 Qc6 24.Be1
Bxd4 25.exd4 Nxf4 26.Qg4 h5 27.d5 Qxd5 28.Bc3+ Kg8 29.Rd1 hxg4 0-1

[Event "US Open"]
[Site "Vancouver, WA"]
[Date "2012.08.10"]
[Round "7"]
[White "Ramirez, Alejandro (TEX)"]
[Black "Hoyos, Manuel Leon (BRA)"]
[Result "0-1"]
[WhiteElo "2559"]
[BlackElo "2579"]
[PlyCount "60"]

{This was the 7 round of the tournament and my 4th game of the day as I chose
the 4-day schedule. At this point after the merge I was the only player with 6
points and I had at least half a dozen a half point distance.} 1.d4
Nf6 2.Nf3 g6 3.c4 c5 4.d5 b5 {
The Benko Gambit. I started to play the Benko Gambit when I was very litte. It
is one of my favorite weapons because it offers pretty umbalanced positions
where black in exchange of the pawn develops very fast and seeks for dynamic
counterplay on the queenside. In contrast with other openings the theory of the Benko Gambit is not that developed.}
5.cxb5 a6 6.bxa6 Bxa6 7.Nc3 Bg7 8.e4 Bxf1 9.Kxf1 d6 10.g3 O-O
11.Kg2 Nbd7 {Here white has many set ups to play. The most popular are Re1 and h3.}
12.Qe2 Qa5 { A natural move. The ideas to follow the development are Rfb8 and try to press on the queenside.}
13.a4 Rfb8 14.Bd2 {Aiming for Nb5 and Bc3} Rxb2 {!} {I calculated for some time and I felt there was more than enough compensation for the exchange.}
15.Nd1 Rxd2 16.Nxd2 Nxe4 17.Nc4 ( 17.Ra2 Nxd2 18.Qxd2
( 18.Rxd2 Nb6 {Also a nice position for black} ) Qxd2 19.Rxd2
Rxa4 {with a really nice position for black} ) Qb4 18.Ndb2 {?}
( 18.Ra2 {where Bd4 and Ne5 offer good chances to continue the game} )
Nc3 {!} 19.Qxe7 {Perhaps my opponent missed the strenght of my next move}
( 19.Qd3 Bd4 ) Ne5 {!} {After this move white's position completely collapses as all his pieces are clumsy displayed}
20.Qxd6 ( 20.Nxe5 Bxe5 ) ( 20.Qh4 g5 {!} ) ( 20.Nxd6 Qxb2 ) Nxc4
21.Qc6 Ne3+ {!} {It was a nice way to finish the game taking advantage of the bad king.}
22.fxe3 Qe4+ 23.Kh3 Qf5+ 24.Kg2 Rb8 25.Nc4 Qe4+ 26.Kh3 Qxc4 27.Raf1
Nxd5 28.Rb1 Rd8 29.Rhc1 Qe4 30.Qxc5 Nxe3 0-1

[Event "US Open"]
[Site "Vancouver, WA"]
[Date "2012.08.10"]
[Round "7"]
[White "Raptis, Nick (OR)"]
[Black "Luchan, Jason (NY)"]
[Result "1-0"]
[WhiteElo "2330"]
[BlackElo "2049"]
[PlyCount "59"]

1.Nf3 Nf6 2.c4 g6 3.Nc3 Bg7 4.d4 O-O 5.e4 d6 6.Be2 Bg4 7.Be3
Nfd7 8.O-O Bxf3 9.Bxf3 Nc6 10.Be2 e5 11.d5 Nd4 12.Nb5 Nxe2+ 13.Qxe2
a6 14.Nc3 f5 15.f3 a5 16.a3 Nc5 17.Qc2 fxe4 18.Bxc5 dxc5 19.Nxe4
Qe7 20.Rad1 Bh6 21.Qf2 b6 22.d6 Qd7 23.Rd5 c6 24.Rd3 Rad8 25.Rfd1
Rf4 26.b4 axb4 27.axb4 cxb4 28.Qb2 Rdf8 29.Qxb4 Qf5 30.d7 1-0

[Event "US Open"]
[Site "Vancouver, WA"]
[Date "2012.08.10"]
[Round "7"]
[White "Rea, Andrew (VA)"]
[Black "Haining, Kyle (WA)"]
[Result "1-0"]
[WhiteElo "2090"]
[BlackElo "1900"]
[PlyCount "103"]

1.d4 g6 2.e4 Bg7 3.Nf3 d6 4.Be2 Nf6 5.Nc3 O-O 6.O-O Nc6 7.h3
e5 8.dxe5 Nxe5 9.Nxe5 dxe5 10.Qxd8 Rxd8 11.Bg5 Be6 12.f4 Rd4
13.Nb5 Rd7 14.f5 gxf5 15.exf5 Bd5 16.Nc3 Bc6 17.Be3 Re8 18.Rad1
e4 19.g4 Nd5 20.Nxd5 Rxd5 21.Rxd5 Bxd5 22.c4 Bc6 23.b4 a6 24.Rd1
Ba4 25.Rc1 Be5 26.b5 axb5 27.cxb5 c6 28.bxc6 Bxc6 29.Bc4 Rd8
30.g5 Kg7 31.Kf2 Bd4 32.h4 Bxe3+ 33.Kxe3 f6 34.Rb1 Rf8 35.Kf4
Rd8 36.Bb5 Bxb5 37.Rxb5 Rd7 38.Kxe4 Kf7 39.Rb6 fxg5 40.hxg5 Kf8
41.Ke5 Kg7 42.Ke6 Rc7 43.a4 h6 44.g6 h5 45.Kd6 Rc6+ 46.Rxc6 bxc6
47.Ke7 h4 48.f6+ Kxg6 49.f7 h3 50.f8Q h2 51.Qf6+ Kh5 52.Qxc6 1-0

[Event "US Open"]
[Site "Vancouver, WA"]
[Date "2012.08.10"]
[Round "7"]
[White "Roland, Jeffrey (ID)"]
[Black "Jewell, Nathan (OR)"]
[Result "1-0"]
[WhiteElo "1700"]
[BlackElo "1291"]
[PlyCount "79"]

1.d4 Nf6 2.Nf3 g6 3.g3 Bg7 4.c4 O-O 5.Bg2 d6 6.O-O c5 7.dxc5
dxc5 8.Nc3 Bf5 9.Qb3 Qb6 10.Ne5 Nbd7 11.Nxd7 Nxd7 12.Nd5 Qd6
13.e4 Be6 14.Bf4 Ne5 15.Rad1 b6 16.Nf6+ Bxf6 17.Rxd6 exd6 18.Bxe5
Bxe5 19.f4 Bd4+ 20.Kh1 Rae8 21.f5 Bd7 22.f6 Re6 23.Bh3 Bc6 24.Bg2
Rfe8 25.h3 Bxe4 26.Bxe4 Rxe4 27.Qb5 h5 28.g4 hxg4 29.hxg4 Kh7
30.Qd7 Re2 31.Qxf7+ Kh6 32.Qg7+ Kg5 33.Rf5+ Kh4 34.Qh6+ Kg3 35.Qf4+
Kh4 36.g5+ Kh3 37.Qf3+ Kh4 38.Rf4+ Kxg5 39.Rg4+ Kh6 40.Qh3# 1-0

[Event "US Open"]
[Site "Vancouver, WA"]
[Date "2012.08.10"]
[Round "7"]
[White "Sankrithi, Siva (WA)"]
[Black "Baur, Alan (OR)"]
[Result "1-0"]
[WhiteElo "1510"]
[BlackElo "933"]
[PlyCount "83"]

1.e4 Nf6 2.Nc3 d6 3.Nf3 g6 4.d4 Bg7 5.Bc4 O-O 6.O-O c5 7.dxc5
dxc5 8.Be3 Qc7 9.Nd5 Nxd5 10.Bxd5 Rd8 11.Qe2 Bg4 12.c3 e6 13.Bc4
Nd7 14.h3 Bxf3 15.Qxf3 Ne5 16.Qe2 a6 17.f4 Nxc4 18.Qxc4 b5 19.Qxc5
Qxc5 20.Bxc5 Rd2 21.Rab1 Rad8 22.Rf2 Rxf2 23.Kxf2 Bf8 24.Bxf8
Kxf8 25.Ke2 Ke7 26.Rd1 Rb8 27.e5 a5 28.b3 b4 29.c4 f6 30.Rd6
Ra8 31.Ke3 a4 32.Rb6 axb3 33.axb3 f5 34.Rxb4 Ra3 35.Rb7+ Kd8
36.Kd4 Kc8 37.Rb6 Kd7 38.Kc5 Ra2 39.Rb7+ Kc8 40.Kc6 Ra6+ 41.Rb6
Ra7 42.Kd6 1-0

[Event "US Open"]
[Site "Vancouver, WA"]
[Date "2012.08.10"]
[Round "7"]
[White "Sinanan, Joshua (WA)"]
[Black "Warrier, Vishnu (WA)"]
[Result "1-0"]
[WhiteElo "2227"]
[BlackElo "1979"]
[PlyCount "67"]

1.d4 g6 2.c4 Bg7 3.Nf3 c5 4.d5 f5 5.g3 b5 6.Nbd2 ( 6.Bg2 bxc4
7.O-O Bb7 8.Nfd2 Nf6 9.Nc3 d6 10.e4 fxe4 11.Ndxe4 Nbd7 12.Ng5
Nf8 13.Qa4+ N6d7 14.Ne6 Qc8 15.Nxg7+ Kf7 16.Ne6 Nb6 17.Ng5+ Kg7
18.Qd1 h6 19.Bh3 Qe8 20.Ne6+ Nxe6 21.Bxe6 Rf8 22.Qd2 g5 23.h4
Rf6 24.hxg5 hxg5 25.Qxg5+ Rg6 26.Qh4 Qf8 27.Bf4 Re8 28.Rae1 {1-0, Sanchez Repullo Daniel (ESP) 2240 - Segurado Garcia Manuel, San Miguel (Spain) 2000}
) Nf6 7.a4 b4 8.Bg2 d6 9.O-O Na6 10.Re1 O-O 11.Qb3 Nc7 12.e4
f4 13.e5 dxe5 14.Nxe5 fxg3 15.hxg3 Qd6 16.Qe3 Bf5 17.Nb3 Rac8
18.Nc6 e6 19.Qxc5 Qd7 20.Ne7+ Kh8 21.Nxc8 Rxc8 22.Qxa7 exd5 23.c5
Bh3 24.Bf4 g5 25.c6 Qf5 26.Nd4 Qg6 27.Bxc7 Bxg2 28.Kxg2 Ne4 29.Rad1
Rf8 30.f3 g4 31.fxe4 Qh6 32.Nf5 Qh3+ 33.Kg1 dxe4 34.Rd8 1-0

[Event "US Open"]
[Site "Vancouver, WA"]
[Date "2012.08.10"]
[Round "7"]
[White "Varner, Murlin (WA)"]
[Black "Reid, Jacob (OR)"]
[Result "1/2-1/2"]
[WhiteElo "1673"]
[BlackElo "1941"]
[PlyCount "68"]

1.c4 e5 2.g3 Nc6 3.Bg2 Nf6 4.Nc3 Bc5 5.Nf3 O-O 6.d3 d6 7.O-O
h6 8.Rb1 a5 9.Bd2 {%08DA} Ba7 10.a3 Ne7 11.Qc1 c6 12.b4 axb4
13.axb4 Bb8 14.b5 d5 15.bxc6 bxc6 16.cxd5 cxd5 17.Rd1 Be6 18.e3
Qd7 19.Ne2 Rc8 20.Qb2 Ng6 21.Ra1 Rxa1 22.Rxa1 Bd6 23.Rc1 Rb8
24.Qc2 Rc8 25.Qxc8+ Qxc8 26.Rxc8+ Bxc8 27.Nc3 Be6 28.Nb5 Bb8
29.Bb4 Nd7 30.Bd6 Bxd6 31.Nxd6 Kf8 32.h4 Ke7 33.Nb5 f6 34.Nd2
Nc5 1/2-1/2

[Event "US Open"]
[Site "Vancouver, WA"]
[Date "2012.08.10"]
[Round "7"]
[White "Vibbert, Sean (IN)"]
[Black "Edwards, Derek  (WA)"]
[Result "1/2-1/2"]
[WhiteElo "2315"]
[BlackElo "2163"]
[PlyCount "111"]

1.e4 c5 2.Nf3 Nc6 3.d4 cxd4 4.Nxd4 Nf6 5.Nc3 d6 6.Be2 e5 7.Nb3
Be7 8.Bg5 Be6 9.Bxf6 Bxf6 10.O-O a6 11.Nd5 Bxd5 12.Qxd5 Qc7 13.c3
Rd8 14.Bc4 b5 15.Be2 Ne7 16.Qd3 d5 17.a4 bxa4 18.Rxa4 O-O 19.exd5
Nxd5 20.Qxa6 Rb8 21.Bd1 Rfd8 22.g3 h6 23.Qe2 Qc6 24.Qe4 Be7 25.Ra1
Qe6 26.Re1 Bd6 27.Bc2 Nf6 28.Qe2 h5 29.Na5 Qh3 30.b4 Rdc8 31.Ra3
Rxb4 32.cxb4 Bxb4 33.Bf5 Qxf5 34.Rea1 Bxa3 35.Rxa3 Rc1+ 36.Kg2
h4 37.h3 hxg3 38.Rxg3 Nh5 39.Qf3 Nf4+ 40.Kh2 g6 41.Nc6 Qe6 42.Nd4
exd4 43.Qxf4 Qe1 44.Rg2 d3 45.Qd4 Qc3 46.Qxc3 Rxc3 47.Rg5 Kg7
48.Rd5 f5 49.Kg2 Kh6 50.Kf3 d2+ 51.Kg2 Rc2 52.Kg3 Kh5 53.Rd8
g5 54.Rh8+ Kg6 55.Rd8 Kf6 56.f4 1/2-1/2

[Event "US Open"]
[Site "Vancouver, WA"]
[Date "2012.08.10"]
[Round "7"]
[White "Zurybida, Paul (WA)"]
[Black "Ramesh, Jothi (WA)"]
[Result "0-1"]
[WhiteElo "2001"]
[BlackElo "1675"]
[PlyCount "62"]

1.e4 e5 2.Nf3 Nc6 3.Bc4 Be7 4.d4 exd4 5.c3 dxc3 6.Qd5 Nh6 7.Bxh6
O-O 8.Bxg7 Kxg7 9.Nxc3 d6 10.Qh5 f5 11.O-O-O fxe4 12.Nxe4 Rf5
13.Qg4+ Rg5 14.Qf4 Rxg2 15.Rhg1 Rg6 16.Qf7+ Kh6 17.Rxg6+ hxg6
18.Rg1 Bf5 19.Neg5 Bxg5+ 20.Nxg5 Qe7 21.Qd5 Re8 22.Qd2 Kg7 23.h4
Ne5 24.Qc3 Qf6 25.Be2 Nd3+ 26.Bxd3 Qxc3+ 27.bxc3 Bxd3 28.Kb2
Re2+ 29.Kb3 d5 30.a3 c5 31.a4 Bc4+ 0-1

[Event "US Open"]
[Site "Vancouver, WA"]
[Date "2012.08.11"]
[Round "8"]
[White "Aaron, Deepak (NY)"]
[Black "Cohen, Micah  (CA)"]
[Result "1-0"]
[WhiteElo "2353"]
[BlackElo "2110"]
[PlyCount "89"]

1.e4 c6 2.d4 d5 3.exd5 cxd5 4.c4 Nf6 5.Nc3 Nc6 6.Bg5 Be6 7.Be2
h6 8.Bxf6 exf6 9.Bf3 Bb4 10.Nge2 O-O 11.O-O Bxc3 12.Nxc3 Ne7
13.c5 Nc6 14.a3 f5 15.b4 Qh4 16.Ne2 a6 17.g3 Qf6 18.Qd2 g5 19.Rad1
f4 20.gxf4 Kh8 21.Bg2 Rg8 22.Kh1 Ne7 23.Qe3 gxf4 24.Nxf4 Rg5
25.Nxe6 fxe6 26.Rde1 Rg6 27.Qe5 Nf5 28.Qxf6+ Rxf6 29.Rd1 Raf8
30.Bh3 Ng7 31.Rde1 Re8 32.f4 Ref8 33.f5 exf5 34.Re5 Re6 35.Rxe6
Nxe6 36.Rxf5 Rg8 37.Rxd5 Nf4 38.Rd6 Re8 39.Bf1 Re1 40.Kg1 Rc1
41.Rxh6+ Kg7 42.Rb6 Ne2+ 43.Kf2 Nxd4 44.Rxb7+ Kf8 45.Bxa6 1-0

[Event "US Open"]
[Site "Vancouver, WA"]
[Date "2012.08.11"]
[Round "8"]
[White "Biyiasas, Theodore (CA)"]
[Black "Sullivan, Brian  (CAN)"]
[Result "1-0"]
[WhiteElo "1951"]
[BlackElo "1618"]
[PlyCount "61"]

1.e4 c5 2.Nc3 d6 3.Nf3 Nc6 4.d4 cxd4 5.Nxd4 Bd7 6.Be3 Nf6 7.Be2
g6 8.Qd2 Bg7 9.O-O-O O-O 10.f3 a6 11.g4 b5 12.Kb1 b4 13.Nd5 a5
14.h4 a4 15.Nxc6 Bxc6 16.Nxb4 Qc8 17.h5 Rb8 18.a3 d5 19.hxg6
dxe4 20.gxh7+ Kh8 21.Bh6 Bxh6 22.Qxh6 exf3 23.Ba6 Qe6 24.Rde1
Be4 25.Qf4 Rxb4 26.axb4 Qxa6 27.g5 f2 28.Qxf2 Bxh1 29.gxf6 Qc6
30.fxe7 Rc8 31.Qd4+ 1-0

[Event "US Open"]
[Site "Vancouver, WA"]
[Date "2012.08.11"]
[Round "8"]
[White "Breckenridge, Steven (OR)"]
[Black "Esler, Brian (OR)"]
[Result "1/2-1/2"]
[WhiteElo "2349"]
[BlackElo "2060"]
[PlyCount "135"]

1.e4 e5 2.Nf3 Nc6 3.Bb5 a6 4.Ba4 Nf6 5.O-O Be7 6.d3 b5 7.Bb3
d6 8.c3 O-O 9.Re1 Na5 10.Bc2 c5 11.Nbd2 Nd7 12.Nf1 Bf6 13.a3
Nb6 14.Be3 Nb7 15.b4 Qc7 16.Bb3 Nd8 17.d4 c4 18.Bc2 Ne6 19.g3
g6 20.d5 Ng7 21.N3d2 Bd7 22.Qe2 Be7 23.a4 f5 24.f3 Bf6 25.Qf2
Nxa4 26.Bxa4 bxa4 27.Bb6 Qc8 28.Qe2 Bb5 29.Ne3 Bd8 30.Bxd8 Qxd8
31.Qg2 Qc7 32.Nc2 fxe4 33.Nxe4 Nf5 34.Qd2 Qb6+ 35.Kg2 Rf7 36.Ng5
Rf6 37.Ne4 Rf7 38.Ng5 Rd7 39.g4 Ne7 40.h4 Qb7 41.Rad1 Rf8 42.Rh1
h6 43.Ne6 Rf6 44.g5 Rf7 45.h5 Nxd5 46.hxg6 Nf4+ 47.Nxf4 Rxf4
48.Nd4 Rf8 49.gxh6 exd4 50.h7+ Kh8 51.Qxd4+ Rg7 52.Rh3 Bc6 53.Kf2
Bxf3 54.Qxd6 Qa8 55.Qxf8+ Qxf8 56.Rxf3 Qb8 57.Rf6 Qh2+ 58.Kf3
Qh3+ 59.Kf4 Qh4+ 60.Kf5 Qh3+ 61.Kg5 Qg3+ 62.Kf5 Qf3+ 63.Kg5 Qg3+
64.Kf5 Qh3+ 65.Kg5 Qe3+ 66.Kf5 Qf3+ 67.Kg5 Qg3+ 68.Kf5 1/2-1/2

[Event "US Open"]
[Site "Vancouver, WA"]
[Date "2012.08.11"]
[Round "8"]
[White "Chow, Colin  (CA)"]
[Black "Guadalupe, Francisco (TX)"]
[Result "0-1"]
[WhiteElo "2126"]
[BlackElo "2305"]
[PlyCount "142"]

1.e4 e5 2.Nf3 Nc6 3.Bb5 a6 4.Ba4 Nf6 5.O-O Nxe4 6.Re1 Nc5 7.Bxc6
dxc6 8.Nxe5 Be7 9.d4 Ne6 10.Be3 O-O 11.Nc3 f6 12.Nc4 Bb4 13.a3
Bxc3 14.bxc3 b6 15.Qd3 Bb7 16.Rad1 Qd7 17.f4 a5 18.Nd2 Rad8 19.Nf3
Qd6 20.f5 Nf4 21.Qd2 Nd5 22.c4 Nxe3 23.Rxe3 c5 24.Re6 Qd7 25.d5
Qa4 26.Qc3 Bc8 27.Re7 Bxf5 28.Rxc7 Qxc2 29.Qxc2 Bxc2 30.Rc1 Be4
31.Re1 Rfe8 32.Rb7 Bd3 33.Rxe8+ Rxe8 34.Rxb6 Bxc4 35.Rc6 Bxd5
36.Rxc5 Bxf3 37.gxf3 Re5 38.Rc3 Kf7 39.Kf2 Kg6 40.Rc4 Rb5 41.Rc3
Rb2+ 42.Kg3 Ra2 43.h4 a4 44.Kg4 Ra1 45.Rd3 Rg1+ 46.Kh3 Rb1 47.Rd4
Rb3 48.Rxa4 Rxf3+ 49.Kg4 Rc3 50.Ra5 h5+ 51.Kf4 Rh3 52.a4 Rxh4+
53.Kf3 Rb4 54.Ra8 Kg5 55.a5 f5 56.a6 Rb3+ 57.Kf2 Ra3 58.a7 g6
59.Kg2 h4 60.Kh2 h3 61.Rh8 Rxa7 62.Rxh3 Ra2+ 63.Kg1 Kg4 64.Rb3
f4 65.Rc3 g5 66.Rb3 f3 67.Rb4+ Kg3 68.Rb1 Rg2+ 69.Kh1 Rh2+ 70.Kg1
f2+ 71.Kf1 Rh1+ 0-1

[Event "US Open"]
[Site "Vancouver, WA"]
[Date "2012.08.11"]
[Round "8"]
[White "Dalthorp, Dan (OR)"]
[Black "Sloan, Sam (NY)"]
[Result "1-0"]
[WhiteElo "1608"]
[BlackElo "1916"]
[PlyCount "87"]

1.e4 e5 2.Nf3 f6 3.Nxe5 fxe5 4.Qh5+ Ke7 5.Qxe5+ Kf7 6.Bc4+ d5
7.Bxd5+ Kg6 8.h4 h6 9.Bxb7 Bd6 10.Qa5 Bb4 11.Qxb4 Bxb7 12.Qxb7
Nd7 13.Qd5 Ne7 14.h5+ Kh7 15.Qd3 Re8 16.Nc3 Kh8 17.b3 c6 18.Bb2
Qc7 19.O-O-O Rad8 20.Qg3 Qa5 21.Kb1 Nf6 22.e5 Nf5 23.Qh3 Qxe5
24.Na4 Qd5 25.Nc3 Qc5 26.Na4 Qd5 27.Bxf6 gxf6 28.Qc3 Nd4 29.Rhe1
Rg8 30.g3 Qxh5 31.Rh1 Qg6 32.Rh4 Nb5 33.Qb2 Rd6 34.Rdh1 Kg7 35.d3
Re8 36.Qc1 Re2 37.f3 Nd4 38.Rg4 Nxf3 39.Rxg6+ Kxg6 40.Qxh6+ Kf7
41.Qh5+ Kg7 42.Qxf3 Rde6 43.Qg4+ Kf7 44.Rh7+ 1-0

[Event "US Open"]
[Site "Vancouver, WA"]
[Date "2012.08.11"]
[Round "8"]
[White "Diamant, Andre (MO)"]
[Black "Shvartsman, Andrew (NJ)"]
[Result "1/2-1/2"]
[WhiteElo "2573"]
[BlackElo "2343"]
[PlyCount "166"]

1.c4 Nf6 2.Nc3 g6 3.g3 Bg7 4.Bg2 O-O 5.Nf3 d6 6.O-O e5 7.d3 c6
8.Rb1 Re8 9.b4 d5 10.cxd5 Nxd5 11.Nxd5 cxd5 12.Bb2 b6 13.Qb3
Bb7 14.Nd2 Qd6 15.e4 dxe4 16.Nxe4 Qe7 17.b5 Nd7 18.Ba3 Qe6 19.Qxe6
Rxe6 20.Rfc1 Bxe4 21.Bxe4 Rd8 22.Bd5 Ree8 23.Rc7 Bf8 24.Bc1 Re7
25.Bg5 Nf6 26.Bxf6 Rxc7 27.Bxd8 Rd7 28.Bxb6 axb6 29.Bc4 Bc5 30.Re1
Bd4 31.Kg2 Kf8 32.Re2 Re7 33.Kf1 Ke8 34.Bd5 Rc7 35.Bc6+ Ke7 36.Rc2
Kd6 37.Rc4 f6 38.Ra4 Kc5 39.Ke2 Kd6 40.Ra8 Kc5 41.a3 Kd6 42.h4
f5 43.Ra6 Kc5 44.Ra4 Kd6 45.Ra8 Rf7 46.f3 Rg7 47.f4 Re7 48.Kf3
Bc5 49.a4 exf4 50.Kxf4 Be3+ 51.Kf3 Bc5 52.Rd8+ Kc7 53.Rd5 Bd6
54.Rd4 Re5 55.g4 fxg4+ 56.Rxg4 Rf5+ 57.Ke3 Bc5+ 58.d4 Be7 59.Re4
Kd6 60.Kd3 Rh5 61.d5 Re5 62.Rg4 Rh5 63.Re4 Re5 64.Rd4 Bd8 65.Bb7
Rh5 66.Re4 Rxh4 67.Re6+ Kc5 68.Rc6+ Kb4 69.d6 Kxa4 70.d7 Kxb5
71.Rc8 Bf6 72.d8Q Bxd8 73.Rxd8 Rh3+ 74.Kd4 Rh4+ 75.Be4 Kb4 76.Kd5
b5 77.Bd3 Kc3 78.Be4 Rh5+ 79.Kc6 b4 80.Rd3+ Kc4 81.Rd7 Rh4 82.Bd3+
Kc3 83.Kc5 b3 1/2-1/2

[Event "US Open"]
[Site "Vancouver, WA"]
[Date "2012.08.11"]
[Round "8"]
[White "Erichsen, Dan (CAN)"]
[Black "Gay, Daniel (OR)"]
[Result "1/2-1/2"]
[WhiteElo "2104"]
[BlackElo "2212"]
[PlyCount "64"]

1.e4 c5 2.Nf3 d6 3.d4 cxd4 4.Nxd4 Nf6 5.Nc3 a6 6.Be3 e5 7.Nb3
Be6 8.f4 exf4 9.Bxf4 Be7 10.Qd2 O-O 11.O-O-O Qb6 12.h3 Rd8 13.Be3
Qc7 14.Nd5 Nxd5 15.exd5 Bf5 16.Qf2 Qc8 17.Bd3 Bxd3 18.Rxd3 Bf6
19.Rf1 Nd7 20.g4 Ne5 21.Rc3 Qd7 22.g5 Be7 23.h4 Rac8 24.Bd4 Rxc3
25.Bxc3 Rf8 26.Nd4 g6 27.b3 Qg4 28.Re1 h6 29.Rg1 Qe4 30.Re1 Qg4
31.Rg1 Qe4 32.Re1 Qg4 1/2-1/2

[Event "US Open"]
[Site "Vancouver, WA"]
[Date "2012.08.11"]
[Round "8"]
[White "Gaddis, William (WA)"]
[Black "Zurybida, Paul (WA)"]
[Result "0-1"]
[WhiteElo "1643"]
[BlackElo "2001"]
[PlyCount "52"]

1.e4 e5 2.Nf3 Nc6 3.Bb5 f5 4.d4 fxe4 5.Nxe5 Nxe5 6.dxe5 c6 7.Ba4
Qa5+ 8.Nc3 Qxe5 9.O-O Nf6 10.Re1 d5 11.f4 Bc5+ 12.Kh1 Qf5 13.Be3
Bxe3 14.Rxe3 O-O 15.g3 Qg6 16.Bb3 Bg4 17.Qf1 Kh8 18.Ne2 Qh5 19.c3
Bf3+ 20.Rxf3 exf3 21.Ng1 Rae8 22.Bd1 Ng4 23.Nxf3 Ne3 24.Qf2 Re4
25.Be2 Ng4 26.Qg2 Nxh2 0-1

[Event "US Open"]
[Site "Vancouver, WA"]
[Date "2012.08.11"]
[Round "8"]
[White "Gamble, Jonathan (OR)"]
[Black "Wright, Polly P  (NY)"]
[Result "1-0"]
[WhiteElo "1357"]
[BlackElo "1720"]
[PlyCount "46"]

1.f4 d5 2.e3 c5 3.Bb5+ Bd7 4.Bxd7+ Nxd7 5.b3 e5 6.fxe5 Nxe5 7.Nf3
Bd6 8.O-O Nf6 9.Bb2 Qc7 10.Nxe5 Bxe5 11.Bxe5 Qxe5 12.Nc3 O-O
13.Qf3 d4 14.exd4 Qxd4+ 15.Qf2 Rad8 16.Rad1 a6 17.Qxd4 Rxd4 18.Na4
Rc8 19.Rf5 Nd5 20.c3 Rd3 21.Rxd5 Rxd5 22.Nb6 Rcd8 23.Nxd5 Rxd5 1-0

[Event "US Open"]
[Site "Vancouver, WA"]
[Date "2012.08.11"]
[Round "8"]
[White "Gater, Daniel (IN)"]
[Black "Shetty, Atulya (MI)"]
[Result "0-1"]
[WhiteElo "2178"]
[BlackElo "2400"]
[PlyCount "64"]

1.d4 d5 2.c4 c6 3.Nf3 Nf6 4.e3 a6 5.b3 g6 6.Bd3 Bg7 7.Nc3 O-O
8.h3 Re8 9.Bb2 Nbd7 10.cxd5 cxd5 11.O-O e5 12.dxe5 Nxe5 13.Nxe5
Rxe5 14.Ne2 Re8 15.Rc1 Qd6 16.Rc2 Bd7 17.Qa1 Nh5 18.Rd1 Qe7 19.Rc7
Qd8 20.Rc5 Qg5 21.Kh1 Bf8 22.Rc2 Bd6 23.Nd4 Bg4 24.Re1 Qh4 25.Kg1
Bxh3 26.gxh3 Qxh3 27.f3 Re5 28.Rg2 Rg5 29.Bf1 Bg3 30.Ree2 Bh2+
31.Kh1 Bd6+ 32.Kg1 Qh2+ 0-1

[Event "US Open"]
[Site "Vancouver, WA"]
[Date "2012.08.11"]
[Round "8"]
[White "Goldberg, Mitchell (NY)"]
[Black "Neimer, Vitaly (ISR)"]
[Result "1/2-1/2"]
[WhiteElo "2200"]
[BlackElo "2406"]
[PlyCount "26"]

1.Nf3 c5 2.c4 Nc6 3.g3 g6 4.Bg2 Bg7 5.O-O e6 6.Nc3 Nge7 7.e3
Nf5 8.Ne2 d5 9.cxd5 exd5 10.d4 c4 11.b3 O-O 12.Nd2 Be6 13.bxc4
dxc4 1/2-1/2

[Event "US Open"]
[Site "Vancouver, WA"]
[Date "2012.08.11"]
[Round "8"]
[White "Haining, Kyle (WA)"]
[Black "Yee, Nathaniel (WA)"]
[Result "1-0"]
[WhiteElo "1900"]
[BlackElo "1623"]
[PlyCount "57"]

1.e4 e5 2.Nf3 Nc6 3.Bb5 a6 4.Bxc6 dxc6 5.O-O Bg4 6.d3 Bd6 7.Nbd2
Nf6 8.Nc4 Qe7 9.Ne3 Bd7 10.b3 O-O 11.Bb2 b5 12.Re1 c5 13.g3 g6
14.Nh4 c6 15.Nhg2 Nh5 16.Ng4 Qg5 17.N2e3 Rfe8 18.Bc1 Qd8 19.Nf5
Bxf5 20.exf5 Ng7 21.fxg6 hxg6 22.Qf3 Qc7 23.Nf6+ Kh8 24.g4 Rec8
25.Qh3+ Nh5 26.gxh5 Kg7 27.Qh4 Rh8 28.h6+ Kf8 29.h7 1-0

[Event "US Open"]
[Site "Vancouver, WA"]
[Date "2012.08.11"]
[Round "8"]
[White "Hoyos, Manuel Leon (BRA)"]
[Black "Norowitz, Yaacov (NJ)"]
[Result "1/2-1/2"]
[WhiteElo "2679"]
[BlackElo "2569"]
[PlyCount "126"]

1.c4 e6 2.g3 d5 3.Nf3 Nf6 4.Bg2 Nbd7 5.b3 Be7 6.O-O O-O 7.Bb2
b6 8.Nc3 Bb7 9.e3 dxc4 10.bxc4 Nc5 11.d4 Nce4 12.Nxe4 Bxe4 13.Qe2
Qc8 14.Bh3 Qa6 15.Nd2 Bb7 16.e4 c5 17.dxc5 Bxc5 18.e5 Nd7 19.Rfd1
Ba3 20.Bxa3 Qxa3 21.Bg2 Bxg2 22.Kxg2 Qb2 23.f4 Nc5 24.Kf1 Rac8
25.Nf3 Na4 26.Rac1 Rc7 27.Rc2 Qb4 28.Ng5 Nc5 29.Kg2 Qa4 30.Nf3
h6 31.h4 Nb7 32.Rd4 Rfc8 33.h5 Qc6 34.Kh2 Na5 35.Nd2 Qa4 36.Ne4
Rxc4 37.Rcxc4 Rxc4 38.Rd8+ Kh7 39.Nd2 Rd4 40.Rxd4 Qxd4 41.Kg2
Kg8 42.Kh3 b5 43.Qxb5 Qxd2 44.Qe8+ Kh7 45.Qxf7 Qd3 46.Qxe6 Nc4
47.Qc6 Ne3 48.Qf3 a5 49.a4 Qf1+ 50.Qxf1 Nxf1 51.g4 Ne3 52.f5
Kg8 53.Kg3 Kf7 54.Kf3 Nc4 55.Kf4 Nb6 56.g5 Nxa4 57.e6+ Kf8 58.f6
Nb6 59.e7+ Kf7 60.fxg7 Nd5+ 61.Ke4 Nxe7 62.gxh6 Ng8 63.Kd5 Nxh6 1/2-1/2

[Event "US Open"]
[Site "Vancouver, WA"]
[Date "2012.08.11"]
[Round "8"]
[White "Labedz, Patrycja (TX)"]
[Black "Cheng, Kun  (CAN)"]
[Result "1-0"]
[WhiteElo "2329"]
[BlackElo "1883"]
[PlyCount "101"]

1.d4 Nf6 2.Nf3 g6 3.g3 Bg7 4.Bg2 O-O 5.c4 d6 6.O-O Nbd7 7.Nc3
e5 8.e4 a6 9.h3 b5 10.cxb5 axb5 11.Re1 b4 12.Nd5 Bb7 13.Nxb4
exd4 14.e5 dxe5 15.Nxe5 Nxe5 16.Bxb7 Rb8 17.Bg2 Rxb4 18.Rxe5
Nd7 19.Re2 c5 20.Bf4 Qb6 21.Re7 Qd8 22.Re2 Qb6 23.Rb1 c4 24.a3
Rb3 25.Rc1 Rxb2 26.Rxc4 Rb1 27.Rc1 Rxc1 28.Qxc1 d3 29.Rd2 Nc5
30.Be3 Nb3 31.Qd1 Bd4 32.Bxd4 Nxd4 33.Rxd3 Nf5 34.a4 Re8 35.Bf1
Qa5 36.Rd5 Qa7 37.Bb5 Re7 38.Rd8+ Kg7 39.Qa1+ Kh6 40.Qc3 Rc7
41.Qd2+ Kg7 42.Qb2+ Kh6 43.g4 Nh4 44.Qf6 Rc1+ 45.Bf1 Nf5 46.gxf5
Qxa4 47.Rd4 Rxf1+ 48.Kxf1 Qa1+ 49.Kg2 Qa8+ 50.Kh2 Qb8+ 51.Qd6 1-0

[Event "US Open"]
[Site "Vancouver, WA"]
[Date "2012.08.11"]
[Round "8"]
[White "Lakic, Vlajko (WA)"]
[Black "Roland, Jeffrey (ID)"]
[Result "1-0"]
[WhiteElo "1929"]
[BlackElo "1700"]
[PlyCount "73"]

1.d4 Nf6 2.Nf3 d5 3.b3 e6 4.e3 Be7 5.Bb2 O-O 6.Nbd2 b6 7.Ne5
Bb7 8.a4 Nbd7 9.Bd3 c5 10.a5 a6 11.axb6 Nxb6 12.Qe2 Qc8 13.O-O
Ne4 14.Bxe4 dxe4 15.dxc5 Bxc5 16.Qg4 f6 17.Nec4 e5 18.Qxc8 Raxc8
19.Nxb6 Bxb6 20.Nc4 Bc7 21.Rfd1 Rcd8 22.Kf1 Rxd1+ 23.Rxd1 Bc6
24.Ba3 Rd8 25.Rxd8+ Bxd8 26.Nd2 Kf7 27.c4 g6 28.Ke2 Bd7 29.Nxe4
a5 30.f3 f5 31.Nc3 Bc6 32.e4 Bb6 33.Nd5 Bd4 34.Kd3 Bg1 35.h3
Bf2 36.Bb2 Ke6 37.Bc3 1-0